आधुनिक गणित/ (Record no. 203891)
[ view plain ]
| 000 -LEADER | |
|---|---|
| fixed length control field | 01058nam a22002057a 4500 |
| 005 - DATE AND TIME OF LATEST TRANSACTION | |
| control field | 20240703123522.0 |
| 010 ## - LCCN (DPL NO) | |
| LC control number | HIN-127913 |
| 020 ## - INTERNATIONAL STANDARD BOOK NUMBER | |
| Terms of availability | 455.00 |
| International Standard Book Number | 9789386791764 |
| 035 ## - SYSTEM CONTROL NUMBER | |
| System control number | HN-100259 |
| 037 ## - SOURCE OF ACQUISITION | |
| Source of stock number/acquisition | DBAD |
| 082 ## - DEWEY DECIMAL CLASSIFICATION NUMBER | |
| Classification number | 510 |
| 100 ## - MAIN ENTRY--PERSONAL NAME | |
| Personal name | अमृतांश |
| 245 ## - TITLE STATEMENT | |
| Title | आधुनिक गणित/ |
| Statement of responsibility, etc | अमृतांश एवं शंकर कुमार चौधरी |
| 260 ## - PUBLICATION, DISTRIBUTION, ETC. (IMPRINT) | |
| Place of publication, distribution, etc | आगरा |
| Name of publisher, distributor, etc | उपकार प्रकाशन |
| 270 ## - ADDRESS | |
| Address | 2/11ए, स्वदेशीबीमा] नगर (शाह सिनेमा के सामने ) |
| City | आगरा |
| Postal code | 282002 |
| Telephone number | 05624053333 |
| -- | 05622530966 |
| -- | 05622531101 |
| Fax number | 05624053330 |
| Electronic mail address | care@upkar.in |
| 300 ## - PHYSICAL DESCRIPTION | |
| Extent | 596 पृ. |
| Dimensions | 27 सेमी. (आजिल्द) |
| 500 ## - GENERAL NOTE | |
| General note | एस. एस. सी., बैंक, रेलवे, पुलिस, डिफेंस आदि परीक्षाओं के लिए उपयोगी |
| 700 ## - ADDED ENTRY--PERSONAL NAME | |
| Personal name | चौधरी, शंकर कुमार |
| 9 (RLIN) | 68035 |
| 942 ## - ADDED ENTRY ELEMENTS (KOHA) | |
| Source of classification or shelving scheme | Dewey Decimal Classification |
| Item type | Hindi Books |
| Classification part | 510 |
| Call number suffix | अमृता |
| Withdrawn status | Lost status | Not for loan | Collection code | Home library | Current library | Date acquired | Source of acquisition | Cost, normal purchase price | Full call number | Barcode | Copy number | Cost, replacement price | Koha item type |
|---|---|---|---|---|---|---|---|---|---|---|---|---|---|
| Non-fiction | Sarojini Nagar | Sarojini Nagar | 03/07/2024 | DBAD | 455.00 | 510 अमृता | HN-100259 | 1 | 455.00 | Hindi Books |
